| 000 | 00434nam a2200181Ia 4500 | ||
|---|---|---|---|
| 001 | 9804 | ||
| 005 | 20260306161745.0 | ||
| 008 | 260306t2007||||xx |||||||||||||| ||spa|| | ||
| 041 | _aESP | ||
| 082 |
_a461.52 _bV66 |
||
| 100 |
_aVillanueva Chávez, Vidal _eAUT |
||
| 245 | 0 | _aOrtografía, redacción y gramática | |
| 260 | _c2007 | ||
| 300 |
_a271 páginas : _ccm. |
||
| 650 | _aGEN | ||
| 654 | _aCHU | ||
| 942 |
_cLIB _dJUS _fJUS _2ddc _n |
||
| 999 |
_c9804 _d9804 |
||